| 000 | 00484nam a2200169Ia 4500 | ||
|---|---|---|---|
| 003 | OSt | ||
| 005 | 20200605135355.0 | ||
| 008 | 190216s9999||||xx |||||||||||||| ||und|| | ||
| 020 | _a9788189973032 | ||
| 040 | _coclc | ||
| 082 |
_a330.954 _bPAN/E |
||
| 100 |
_aPandey, S N _92549 |
||
| 245 | 0 |
_aEconomic History Of Modern India / _c S N Pandey |
|
| 260 |
_bReadworthy, _aNew Delhi: _c2008. |
||
| 300 | _a222p | ||
| 942 |
_cBK _2ddc _h330.954 _iPAN/E _k330.954 _mPAN/E |
||
| 999 |
_c21202 _d21202 |
||